Capital to Country - Multiple Choice #2 - Statistics

General Stats
  • This quiz has been taken 275 times
  • The average score is 13 of 15
Answer Stats
Question Answer % Correct
Minsk is capital of... Belarus
100%
Beijing is capital of... China
100%
Dublin is capital of... Ireland
100%
Pyongyang is capital of... North Korea
100%
Panama City is capital of... Panama
100%
Washington D.C. is capital of... United States
100%
Belgrade is capital of... Serbia
96%
Damascus is capital of... Syria
96%
Tunis is capital of... Tunisia
96%
Kingston is capital of... Jamaica
92%
Vaduz is capital of... Liechtenstein
84%
Suva is capital of... Fiji
76%
Mogadishu is capital of... Somalia
76%
Port Moresby is capital of... Papua New Guinea
72%
Dodoma is capital of... Tanzania
52%
No matching quizzes found
Score Distribution
Percent of People with Each Score
Percentile by Number Answered
Your Score History
You have not taken this quiz